000 00783nam a22002417a 4500
003 UA-OsUOA
001 107402
007 ta
008 20140807b un ||||| |||| 00| 0 ukr d
090 _a343.13(075.8)
_bС23
942 _cBK
040 _aUA-OsUOA
_brus
_cUA-OsUOA
_dUA-OsUOA
245 _aСборник задач по уголовному процессу (Общая часть. Досудебные стадии)
_bучебное пособие
_cПод ред. В. К. Боброва
300 _a94 с.
955 _a2
041 _arus
080 _a343.13(075.8)
020 _a5-8006-0001-5
591 _aСамолюк В. В.
260 _aМ.
_c1997
650 7 _a343 Кримінальне право. Карні порушення
_2UDC
999 _c393596
_d393596